000 00584nam a22001817a 4500
005 20251108164239.0
008 250721s1987 xx 000 0 ara d
082 1 4 _a338.91724/أنو
100 1 _aالعدل، أنور عطيه
245 1 0 _aالتنمية الصناعية في الدول النامية /
264 1 _aالاسكندريه :
_bدار المعرفة الجامعية،
_c1987.
300 _a417ص
650 1 7 _aالبلدان النامية
650 1 7 _aالسياسة الإقتصادية
650 1 7 _aالصناعات
942 _2ddc
_cBK
999 _c7388
_d7388